Геннадий Райшев: грани творчества (Запись № 508535)

Подробности
000 -МАРКЕР
контрольное поле 01820nam0a2200349 4500
001 - ИДЕНТИФИКАТОР ЗАПИСИ
контрольное поле RU\NLR\bibl\92785
005 - ИДЕНТИФИКАТОР ВЕРСИИ
контрольное поле 20260607052927.0
010 ## - МЕЖДУНАРОДНЫЙ СТАНДАРТНЫЙ НОМЕР КНИГИ (ISBN)
Номер (ISBN) 5-89846-039-Х
Тираж 500
021 ## - НОМЕР ГОСУДАРСТВЕННОЙ РЕГИСТРАЦИИ
Код страны Российская Федерация
Номер 2000-33047
Номер Листа государственной регистраци 1542
035 ## - ДРУГИЕ СИСТЕМНЫЕ НОМЕРА
Идентификатор записи (NLR Aleph) 000090663
100 ## - ДАННЫЕ ОБЩЕЙ ОБРАБОТКИ
Данные общей обработки 20000616d2000 |||y0rusy50 ca
101 0# - ЯЗЫК РЕСУРСА
Язык текста, звукозаписи и т.д. русский
102 ## - СТРАНА ПУБЛИКАЦИИ ИЛИ ПРОИЗВОДСТВА
Страна публикации Российская Федерация
105 ## - ПОЛЕ КОДИРОВАННЫХ ДАННЫХ: ТЕКСТОВЫЕ МАТЕРИАЛЫ, МОНОГРАФИЧЕСКИЕ
Кодированные данные о монографическом текстовом документе y z |||||
200 1# - ЗАГЛАВИЕ И СВЕДЕНИЯ ОБ ОТВЕТСТВЕННОСТИ
Основное заглавие Геннадий Райшев: грани творчества
Сведения, относящиеся к заглавию Материалы науч.-практ. конф., посвящ. 65-лет. юбилею худож., 17-18 нояб. 1999 г., г. Ханты-Мансийск
Первые сведения об ответственности [Сост. Л.Г. Лазарева
Последующие сведения об ответственности Редкол.: А.В. Конев и др.]
210 ## - ПУБЛИКАЦИЯ, РАСПРОСТРАНЕНИЕ И ДР.
Место издания, распространения и т.д. Ханты-Мансийск
Имя издателя, распространителя и т. д. Полиграфист
Дата издания, распространения и т.д. 2000
215 ## - ФИЗИЧЕСКАЯ ХАРАКТЕРИСТИКА
Специфическое обозначение материала и объем 150 с.
Размеры 21
300 ## - ОБЩИЕ ПРИМЕЧАНИЯ
Текст примечания В надзаг.: Гл. упр. культуры Ханты-Манс. авт. окр., Урал. гос. ун-т им. А.М. Горького
320 ## - ПРИМЕЧАНИЯ О НАЛИЧИИ В ДОКУМЕНТЕ БИБЛИОГРАФИИ / УКАЗАТЕЛЯ
Текст примечания Библиогр.: с. 63
600 #1 - ИМЯ ЛИЦА КАК ПРЕДМЕТ
Начальный элемент ввода Райшев
Часть имени, кроме начального элемента ввода Г. С.
Расширение инициалов личного имени Геннадий Степанович
Код системы psbo
600 #1 - ИМЯ ЛИЦА КАК ПРЕДМЕТ
Начальный элемент ввода Райшев
Часть имени, кроме начального элемента ввода Г. С.
Даты 1934 - 2020
Расширение инициалов личного имени Геннадий Степанович
Формальный подзаголовок Сборники
Системный номер авторитетной/нормативной записи 1404389
Идентификатор авторитетной/нормативной записи RU\NLR\auth\66591245
600 #1 - ИМЯ ЛИЦА КАК ПРЕДМЕТ
Начальный элемент ввода Райшев
Часть имени, кроме начального элемента ввода Г. С.
Даты 1934 - 2020
Расширение инициалов личного имени Геннадий Степанович
Формальный подзаголовок Съезды, совещания и т.п.
Системный номер авторитетной/нормативной записи 1404389
Идентификатор авторитетной/нормативной записи RU\NLR\auth\66591245
686 ## - ИНДЕКСЫ ДРУГИХ КЛАССИФИКАЦИЙ
Индекс Щ143(2Р=Рус)7-8Райшев
702 #1 - ИМЯ ЛИЦА - ВТОРИЧНАЯ ОТВЕТСТВЕННОСТЬ
Код отношения Составитель
Графика поля Кириллица
Материалы, к которым относится поле rus
Начальный элемент ввода Лазарева
Часть имени, кроме начального элемента ввода Л. Г.
Дополнения к именам, кроме дат канд. социол. наук
Расширение инициалов личного имени Лилия Георгиевна
Системный номер авторитетной/нормативной записи 14402
Идентификатор авторитетной/нормативной записи RU\NLR\auth\7731392
702 #1 - ИМЯ ЛИЦА - ВТОРИЧНАЯ ОТВЕТСТВЕННОСТЬ
Начальный элемент ввода Конев
Часть имени, кроме начального элемента ввода А. В.
Код отношения Редактор
801 #0 - ИСТОЧНИК ЗАПИСИ
Страна Российская Федерация
Организация NLR
Дата составления 20000616
Правила каталогизации PSBO
801 #1 - ИСТОЧНИК ЗАПИСИ
Страна Российская Федерация
Организация NLR
Дата составления 20000616
852 ## - МЕСТОНАХОЖДЕНИЕ И ШИФР ХРАНЕНИЯ
Идентификатор организации NLR
Шифр хранения (Call Number) 2000-3/4521
942 ## - ДОПОЛНИТЕЛЬНЫЕ ЭЛЕМЕНТЫ ЗАПИСИ (АБИС)
Тип экземпляра АБИС Книга
980 ## - КОЛЛЕКЦИЯ
Название коллекции Национальная библиография
Экземпляры
Тип экземпляра Дата поступления Источник поступления Библиотека постоянного хранения Библиотека текущего хранения Место хранения Шифр хранения Штрих-код Статус экземпляра
Книга 16.06.2000 Дар РНБ (Московский) РНБ (Московский) Русский книжный фонд: издания с 1957 года 2000-3/4521 42140  
Книга 08.12.2000 Обязательный экземпляр РНБ (Московский) РНБ (Московский) Обменный фонд   89540  
Книга 08.12.2000 Обязательный экземпляр РНБ (Московский) РНБ (Московский) Обменный фонд   89541